| 000 | 00331nam a22001337a 4500 | ||
|---|---|---|---|
| 999 |
_c530180 _d530180 |
||
| 003 | NUST | ||
| 038 | _awaseem | ||
| 082 |
_a667.3 _bKHA |
||
| 100 |
_aKhatri, Awais _96647 |
||
| 245 |
_aAdvanced in Reactive Dyeing of Cellulose Textiles / _cAwais Khatri |
||
| 260 |
_aIslamabad : _bHEC, _c2015. |
||
| 300 | _a34 p. ; | ||
| 942 |
_2ddc _cBK |
||